[Event "Guimaraes Open 2019"]
[Site "Guimaraes"]
[Date "2019.09.01"]
[Round "7.21"]
[White "De Prado Rodriguez, Oscar Bruno"]
[Black "Fernandes, Joao Pedro Murtinho"]
[Result "1-0"]
[WhiteElo "2155"]
[BlackElo "2044"]
[Annotator "NA"]
[PlyCount "57"]
[EventDate "2019.08.28"]
[EventType "swiss"]
[EventCountry "POR"]
[SourceTitle "playchess.com"]
[Source "ChessBase"]
[SourceQuality "1"]
[TimeControl "5400+30"]

1. d4 {[%emt 0:01:41]} Nf6 {[%emt 0:00:00]} 2. Bf4 {[%emt 0:00:13]} e6 {[%emt 0:00:08]} 3. e3 {[%emt 0:00:05]} b6 {[%emt 0:00:17]} 4. Nf3 {[%emt 0:00:28]} Bb7 {[%emt 0:00:07]} 5. Bd3 {[%emt 0:00:16]} g6 {[%emt 0:00:17]} 6. Nbd2 {[%emt 0:00:30]} Bg7 {[%emt 0:00:30]} 7. Qe2 {[%emt 0:03:07]} d6 8. e4 {[%emt 0:00:30]} Nc6 {[%emt 0:08:34]} 9. c3 {[%emt 0:03:34]} O-O {[%emt 0:01:23]} 10. O-O-O {[%emt 0:04:09]} Na5 {[%emt 0:10:07]} 11. h4 {[%emt 0:03:02]} c5 {[%emt 0:07:39]} 12. dxc5 bxc5 13. h5 {[%emt 0:01:33]} Qb6 {[%emt 0:12:09]} 14. hxg6 {[%emt 0:01:19]} fxg6 {[%emt 0:00:23]} 15. Ng5 {[%emt 0:07:04]} Rab8 {[%emt 0:03:54]} 16. Nc4 {[%emt 0:00:43]} Nxc4 {[%emt 0:00:30]} 17. Bxc4 {[%emt 0:00:01]} d5 {[%emt 0:04:55]} 18. Bxb8 {[%emt 0:01:44]} Rxb8 {[%emt 0:00:07]} 19. exd5 {[%emt 0:00:18]} exd5 {[%emt 0:00:55]} 20. Bb3 {[%emt 0:04:36]} c4 {[%emt 0:02:19]} 21. Ba4 {[%emt 0:02:42]} Bc8 {[%emt 0:03:43]} 22. Be8 {[%emt 0:06:40]} Bf5 {[%emt 0:06:28]} 23. Bf7+ {[%emt 0:00:28]} Kh8 {[%emt 0:03:49]} 24. Bxd5 {[%emt 0:00:35]} Nxd5 {[%emt 0:00:50]} 25. Rxh7+ {[%emt 0:02:25]} Kg8 {[%emt 0:00:04]} 26. Rxd5 {[%emt 0:05:55]} Bxc3 {[%emt 0:00:22]} 27. Rd8+ {[%emt 0:00:30]} Rxd8 {[%emt 0:00:42]} 28. Qxc4+ {[%emt 0:00:03]} Be6 {[%emt 0:00:18]} 29. Qxc3 {[%emt 0:00:27]} 1-0

[Event "Guimaraes Open 2019"]
[Site "Guimaraes"]
[Date "2019.09.01"]
[Round "7.22"]
[White "Torrijos Garcia, Borja"]
[Black "Reboredo Martinez, Claudio"]
[Result "1-0"]
[WhiteElo "2153"]
[BlackElo "1931"]
[Annotator "NA"]
[PlyCount "73"]
[EventDate "2019.08.28"]
[EventType "swiss"]
[EventCountry "POR"]
[SourceTitle "playchess.com"]
[Source "ChessBase"]
[SourceQuality "1"]
[TimeControl "5400+30"]

1. c4 {[%emt 0:00:36]} e5 {[%emt 0:00:28]} 2. g3 {[%emt 0:00:07]} g6 {[%emt 0:00:06]} 3. Bg2 {[%emt 0:00:12]} Bg7 {[%emt 0:00:04]} 4. Nc3 {[%emt 0:00:57]} Ne7 {[%emt 0:00:05]} 5. e3 {[%emt 0:00:24]} O-O {[%emt 0:00:11]} 6. Nge2 {[%emt 0:00:06]} d6 {[%emt 0:01:05]} 7. O-O {[%emt 0:00:52]} Nbc6 {[%emt 0:00:25]} 8. a3 {[%emt 0:01:03]} a5 {[%emt 0:03:20]} 9. Qc2 {[%emt 0:02:30]} f5 {[%emt 0:08:22]} 10. d3 {[%emt 0:00:48]} Kh8 {[%emt 0:03:34]} 11. Bd2 {[%emt 0:00:51]} g5 {[%emt 0:00:55]} 12. f4 {[%emt 0:04:45]} Ng6 {[%emt 0:01:05]} 13. Nd5 {[%emt 0:07:27]} exf4 {[%emt 0:02:19]} 14. exf4 {[%emt 0:02:15]} Nd4 {[%emt 0:07:56]} 15. Nxd4 {[%emt 0:00:32]} Bxd4+ {[%emt 0:00:02]} 16. Kh1 {[%emt 0:00:38]} c6 {[%emt 0:00:26]} 17. Bc3 {[%emt 0:04:11]} Bxc3 {[%emt 0:00:42]} 18. Qxc3+ {[%emt 0:01:34]} Kg8 {[%emt 0:00:25]} 19. Ne3 {[%emt 0:00:12]} gxf4 {[%emt 0:01:00]} 20. gxf4 {[%emt 0:03:06]} Qf6 {[%emt 0:04:43]} 21. Rae1 {[%emt 0:06:25]} Bd7 {[%emt 0:00:23]} 22. Qxf6 {[%emt 0:08:48]} Rxf6 {[%emt 0:00:24]} 23. Nc2 {[%emt 0:00:03]} Rff8 {[%emt 0:08:06]} 24. Nd4 {[%emt 0:29:08]} Kf7 {[%emt 0:00:49]} 25. Bh3 {[%emt 0:01:48]} Kf6 {[%emt 0:00:11]} 26. Kg2 {[%emt 0:06:18]} Rae8 {[%emt 0:01:05]} 27. Kf3 {[%emt 0:03:38]} c5 {[%emt 0:01:31]} 28. Ne2 {[%emt 0:00:01]} Re7 {[%emt 0:00:41]} 29. Ng3 {[%emt 0:01:36]} Bc6+ {[%emt 0:01:26]} 30. Kf2 {[%emt 0:00:01]} Rxe1 {[%emt 0:05:47]} 31. Nh5+ {[%emt 0:00:52]} Kf7 {[%emt 0:01:05]} 32. Rxe1 {[%emt 0:00:12]} Re8 {[%emt 0:06:17]} 33. Rxe8 {[%emt 0:00:28]} Kxe8 {[%emt 0:00:02]} 34. Bxf5 {[%emt 0:00:40]} Kf7 {[%emt 0:00:10]} 35. Be4 {[%emt 0:01:03]} Bd7 36. Bxb7 Bg4 37. Bf3 1-0

[Event "Guimaraes Open 2019"]
[Site "Guimaraes"]
[Date "2019.09.01"]
[Round "7.23"]
[White "Gonzalez Eiris, Daniel"]
[Black "Santos, Jose Guilherme B Lim"]
[Result "0-1"]
[WhiteElo "1977"]
[BlackElo "2213"]
[Annotator "NA"]
[PlyCount "184"]
[EventDate "2019.08.28"]
[EventType "swiss"]
[EventCountry "POR"]
[SourceTitle "playchess.com"]
[Source "ChessBase"]
[SourceQuality "1"]
[TimeControl "5400+30"]

1. e4 {[%emt 0:02:48]} c5 {[%emt 0:00:00]} 2. Nf3 {[%emt 0:00:06]} d6 {[%emt 0:00:00]} 3. d4 {[%emt 0:00:04]} cxd4 {[%emt 0:00:00]} 4. Qxd4 {[%emt 0:00:04]} e5 {[%emt 0:00:29]} 5. Qd3 {[%emt 0:01:25]} Nd7 {[%emt 0:02:19]} 6. Nc3 {[%emt 0:03:00]} h6 {[%emt 0:01:31]} 7. Be3 {[%emt 0:01:06]} a6 {[%emt 0:03:47]} 8. Nd2 {[%emt 0:14:27]} b5 {[%emt 0:24:14]} 9. a4 {[%emt 0:04:24]} b4 {[%emt 0:02:20]} 10. Nd5 {[%emt 0:00:14]} Ngf6 {[%emt 0:12:49]} 11. a5 {[%emt 0:13:41]} Bb7 {[%emt 0:08:27]} 12. Nxb4 {[%emt 0:09:15]} Be7 {[%emt 0:01:01]} 13. Nd5 Nxd5 {[%emt 0:04:55]} 14. exd5 {[%emt 0:01:25]} O-O {[%emt 0:00:07]} 15. Nc4 {[%emt 0:04:14]} f5 {[%emt 0:01:42]} 16. Nb6 {[%emt 0:06:27]} f4 {[%emt 0:07:07]} 17. Nxd7 {[%emt 0:03:31]} fxe3 {[%emt 0:06:47]} 18. Nxf8 {[%emt 0:00:05]} exf2+ {[%emt 0:00:08]} 19. Kd1 {[%emt 0:01:49]} Qxf8 {[%emt 0:00:11]} 20. Be2 {[%emt 0:00:49]} Qf4 {[%emt 0:01:39]} 21. Bf3 {[%emt 0:01:51]} Bg5 {[%emt 0:01:16]} 22. b3 {[%emt 0:01:02]} Rf8 {[%emt 0:05:29]} 23. Ke2 {[%emt 0:04:51]} Bc8 {[%emt 0:03:19]} 24. g3 {[%emt 0:01:48]} Qf6 {[%emt 0:05:10]} 25. h4 {[%emt 0:00:23]} e4 {[%emt 0:00:03]} 26. Qxe4 {[%emt 0:01:14]} Qf7 {[%emt 0:01:57]} 27. hxg5 {[%emt 0:06:13]} Re8 {[%emt 0:00:24]} 28. Qxe8+ {[%emt 0:01:57]} Qxe8+ {[%emt 0:00:04]} 29. Kxf2 {[%emt 0:00:07]} Qg6 {[%emt 0:01:30]} 30. Rae1 {[%emt 0:05:58]} hxg5 {[%emt 0:00:19]} 31. Re2 {[%emt 0:04:02]} g4 {[%emt 0:00:54]} 32. Be4 {[%emt 0:00:32]} Bf5 {[%emt 0:01:32]} 33. Rhe1 {[%emt 0:00:58]} Qf6 {[%emt 0:00:07]} 34. Kg1 {[%emt 0:03:00]} Qd4+ {[%emt 0:00:59]} 35. Kh1 {[%emt 0:00:02]} Bxe4+ {[%emt 0:01:05]} 36. Rxe4 {[%emt 0:00:05]} Qxd5 {[%emt 0:00:05]} 37. b4 {[%emt 0:00:58]} Qf5 {[%emt 0:02:13]} 38. Rf4 {[%emt 0:02:45]} Qxc2 {[%emt 0:00:12]} 39. Ree4 {[%emt 0:00:44]} Qd1+ {[%emt 0:00:53]} 40. Kg2 {[%emt 0:00:17]} d5 {[%emt 0:00:06]} 41. Rd4 {[%emt 0:00:32]} Qe2+ {[%emt 0:00:04]} 42. Kg1 {[%emt 0:00:17]} g5 {[%emt 0:00:34]} 43. Rxg4 {[%emt 0:00:09]} Kf7 {[%emt 0:00:11]} 44. b5 {[%emt 0:02:24]} Qxb5 {[%emt 0:02:18]} 45. Ra4 {[%emt 0:00:53]} Kf6 {[%emt 0:00:30]} 46. Rgb4 {[%emt 0:00:20]} Qe2 {[%emt 0:00:04]} 47. Rg4 {[%emt 0:00:38]} Kf5 {[%emt 0:00:34]} 48. Rgd4 {[%emt 0:00:14]} Ke5 {[%emt 0:00:19]} 49. Rg4 {[%emt 0:00:09]} Kd6 {[%emt 0:00:08]} 50. Rgd4 {[%emt 0:00:50]} Kc5 {[%emt 0:00:13]} 51. Rg4 {[%emt 0:00:05]} Kd6 {[%emt 0:01:34]} 52. Rgd4 {[%emt 0:00:27]} Kc6 {[%emt 0:00:03]} 53. Rdb4 {[%emt 0:00:30]} Qf3 {[%emt 0:01:25]} 54. Kh2 {[%emt 0:00:57]} Kc5 {[%emt 0:00:05]} 55. Rg4 {[%emt 0:00:39]} Qf2+ {[%emt 0:00:34]} 56. Kh1 {[%emt 0:00:15]} Kd6 {[%emt 0:00:54]} 57. Rad4 {[%emt 0:00:33]} Kc6 {[%emt 0:00:36]} 58. Rb4 {[%emt 0:00:37]} Kd6 {[%emt 0:00:36]} 59. Rbd4 {[%emt 0:00:25]} Kc5 {[%emt 0:00:48]} 60. Ra4 {[%emt 0:00:08]} d4 {[%emt 0:00:27]} 61. Rxg5+ {[%emt 0:00:51]} Kd6 {[%emt 0:00:11]} 62. Rg6+ {[%emt 0:00:40]} Ke5 {[%emt 0:00:06]} 63. Rg5+ {[%emt 0:00:32]} Kf6 {[%emt 0:00:06]} 64. Rg8 {[%emt 0:00:21]} Qe1+ {[%emt 0:00:37]} 65. Kh2 {[%emt 0:00:47]} Qe2+ {[%emt 0:00:07]} 66. Kh3 {[%emt 0:00:25]} Qh5+ {[%emt 0:00:05]} 67. Kg2 {[%emt 0:00:07]} Qd5+ {[%emt 0:00:04]} 68. Kf2 {[%emt 0:00:26]} Qxg8 {[%emt 0:00:06]} 69. Rxd4 {[%emt 0:00:03]} Qa2+ {[%emt 0:00:07]} 70. Ke3 {[%emt 0:00:03]} Qxa5 {[%emt 0:00:06]} 71. Ke4 {[%emt 0:00:55]} Qe5+ {[%emt 0:00:11]} 72. Kd3 {[%emt 0:00:08]} Qxg3+ {[%emt 0:00:05]} 73. Kc4 {[%emt 0:00:04]} Qc7+ {[%emt 0:00:11]} 74. Kb3 {[%emt 0:00:20]} Ke5 {[%emt 0:00:07]} 75. Rb4 {[%emt 0:00:12]} Kd5 {[%emt 0:00:12]} 76. Ka4 {[%emt 0:00:09]} Kc5 {[%emt 0:00:17]} 77. Rb2 {[%emt 0:00:22]} Qf4+ {[%emt 0:00:15]} 78. Ka3 {[%emt 0:00:06]} Qc1 {[%emt 0:00:21]} 79. Kb3 {[%emt 0:00:30]} Qc4+ {[%emt 0:01:04]} 80. Ka3 {[%emt 0:00:04]} Qc3+ {[%emt 0:00:03]} 81. Ka2 {[%emt 0:01:15]} a5 {[%emt 0:00:24]} 82. Rb3 {[%emt 0:00:11]} Qd2+ {[%emt 0:00:27]} 83. Rb2 {[%emt 0:00:07]} Qd5+ {[%emt 0:00:12]} 84. Ka3 {[%emt 0:00:17]} Qd1 {[%emt 0:00:37]} 85. Rc2+ {[%emt 0:00:40]} Kb5 {[%emt 0:00:33]} 86. Rb2+ {[%emt 0:00:04]} Ka6 {[%emt 0:00:05]} 87. Ra2 {[%emt 0:00:19]} Qb1 {[%emt 0:00:40]} 88. Rb2 {[%emt 0:00:48]} Qa1+ {[%emt 0:00:08]} 89. Kb3 {[%emt 0:00:09]} a4+ {[%emt 0:00:05]} 90. Kc2 {[%emt 0:00:14]} a3 {[%emt 0:00:06]} 91. Rb1 {[%emt 0:00:36]} Qa2+ {[%emt 0:00:12]} 92. Kc1 {[%emt 0:00:05]} Qc4+ {[%emt 0:00:02]} 0-1

[Event "Guimaraes Open 2019"]
[Site "Guimaraes"]
[Date "2019.09.01"]
[Round "7.24"]
[White "Nieves Cabanes, Javier"]
[Black "Marinc, Damir"]
[Result "1-0"]
[WhiteElo "2211"]
[BlackElo "1895"]
[Annotator "NA"]
[PlyCount "69"]
[EventDate "2019.08.28"]
[EventType "swiss"]
[EventCountry "POR"]
[SourceTitle "playchess.com"]
[Source "ChessBase"]
[SourceQuality "1"]
[TimeControl "5400+30"]

1. Nf3 {[%emt 0:00:00]} e6 {[%emt 0:07:19]} 2. c4 {[%emt 0:00:52]} d5 {[%emt 0:00:12]} 3. d4 {[%emt 0:01:18]} c6 {[%emt 0:00:11]} 4. Nc3 {[%emt 0:00:57]} f5 {[%emt 0:00:09]} 5. Bf4 {[%emt 0:01:05]} Nf6 {[%emt 0:00:17]} 6. e3 {[%emt 0:01:21]} Be7 {[%emt 0:00:22]} 7. Bd3 {[%emt 0:02:13]} O-O {[%emt 0:01:09]} 8. h3 {[%emt 0:04:42]} Ne4 {[%emt 0:03:38]} 9. g4 {[%emt 0:04:06]} Kh8 {[%emt 0:06:32]} 10. gxf5 {[%emt 0:05:59]} exf5 {[%emt 0:00:03]} 11. cxd5 {[%emt 0:00:30]} Nxc3 {[%emt 0:03:48]} 12. bxc3 {[%emt 0:00:11]} cxd5 {[%emt 0:00:51]} 13. h4 {[%emt 0:03:24]} Nc6 {[%emt 0:00:39]} 14. Ng5 {[%emt 0:02:01]} Bxg5 {[%emt 0:05:40]} 15. hxg5 {[%emt 0:00:28]} g6 {[%emt 0:00:01]} 16. Rb1 {[%emt 0:07:23]} Rf7 {[%emt 0:04:47]} 17. Qa4 {[%emt 0:05:16]} a6 {[%emt 0:04:27]} 18. c4 {[%emt 0:05:31]} Be6 {[%emt 0:00:53]} 19. c5 {[%emt 0:00:54]} Qa5+ {[%emt 0:10:25]} 20. Qxa5 {[%emt 0:00:22]} Nxa5 {[%emt 0:00:02]} 21. Rb6 {[%emt 0:00:27]} Re8 {[%emt 0:01:03]} 22. Kd2 {[%emt 0:05:06]} Kg8 {[%emt 0:15:47]} 23. Kc3 {[%emt 0:01:40]} Rd7 {[%emt 0:01:10]} 24. Rhb1 {[%emt 0:00:58]} Rf7 {[%emt 0:10:25]} 25. Rd6 {[%emt 0:04:08]} Rd7 {[%emt 0:02:41]} 26. Rxd7 {[%emt 0:00:38]} Bxd7 {[%emt 0:00:05]} 27. Bc7 {[%emt 0:00:07]} Nc4 {[%emt 0:02:48]} 28. Rxb7 {[%emt 0:00:09]} Bb5 {[%emt 0:01:08]} 29. Kb4 {[%emt 0:07:26]} Bc6 {[%emt 0:01:11]} 30. Ra7 {[%emt 0:00:54]} Ra8 {[%emt 0:00:05]} 31. Rxa8+ {[%emt 0:01:15]} Bxa8 {[%emt 0:00:01]} 32. Bxc4 {[%emt 0:00:32]} dxc4 {[%emt 0:00:02]} 33. Kxc4 {[%emt 0:00:06]} Kf7 {[%emt 0:00:20]} 34. d5 {[%emt 0:00:10]} Bb7 {[%emt 0:00:47]} 35. c6 {[%emt 0:00:20]} 1-0

[Event "Guimaraes Open 2019"]
[Site "Guimaraes"]
[Date "2019.09.01"]
[Round "7.25"]
[White "Jimenez Fernandez, Rebeca"]
[Black "Garcia Sobrino, David"]
[Result "1-0"]
[WhiteElo "1928"]
[BlackElo "2195"]
[Annotator "NA"]
[PlyCount "109"]
[EventDate "2019.08.28"]
[EventType "swiss"]
[EventCountry "POR"]
[SourceTitle "playchess.com"]
[Source "ChessBase"]
[SourceQuality "1"]
[TimeControl "5400+30"]

1. e4 {[%emt 0:00:00]} c5 {[%emt 0:00:00]} 2. Nc3 {[%emt 0:00:00]} Nc6 {[%emt 0:00:00]} 3. g3 {[%emt 0:00:00]} g6 {[%emt 0:00:00]} 4. Bg2 {[%emt 0:00:00]} Bg7 {[%emt 0:00:00]} 5. d3 {[%emt 0:00:02]} d6 {[%emt 0:00:02]} 6. Be3 {[%emt 0:00:10]} Nf6 {[%emt 0:00:06]} 7. h3 {[%emt 0:00:09]} O-O {[%emt 0:00:35]} 8. Qd2 {[%emt 0:00:06]} Rb8 {[%emt 0:00:19]} 9. Bh6 {[%emt 0:01:10]} b5 {[%emt 0:00:53]} 10. Bxg7 {[%emt 0:00:15]} Kxg7 {[%emt 0:00:07]} 11. f4 {[%emt 0:00:24]} Nd4 {[%emt 0:10:57]} 12. Nf3 {[%emt 0:07:32]} b4 {[%emt 0:11:31]} 13. Nd1 {[%emt 0:05:19]} e6 {[%emt 0:04:20]} 14. g4 {[%emt 0:08:55]} a5 {[%emt 0:13:45]} 15. Ne3 {[%emt 0:03:12]} Bb7 {[%emt 0:15:28]} 16. O-O {[%emt 0:04:49]} d5 {[%emt 0:05:57]} 17. e5 {[%emt 0:08:10]} Nd7 {[%emt 0:08:07]} 18. Nxd4 {[%emt 0:11:50]} cxd4 {[%emt 0:00:15]} 19. Nd1 {[%emt 0:00:40]} Rc8 {[%emt 0:03:17]} 20. Nf2 {[%emt 0:02:25]} Qc7 {[%emt 0:03:47]} 21. Rac1 {[%emt 0:02:21]} f6 {[%emt 0:00:18]} 22. exf6+ {[%emt 0:02:33]} Rxf6 {[%emt 0:00:22]} 23. Nh1 {[%emt 0:02:41]} Rcf8 {[%emt 0:03:23]} 24. Rce1 {[%emt 0:02:07]} Nc5 {[%emt 0:01:44]} 25. Ng3 {[%emt 0:07:53]} Bc8 {[%emt 0:08:17]} 26. Ne2 {[%emt 0:01:59]} Na4 {[%emt 0:02:10]} 27. g5 {[%emt 0:05:48]} R6f7 {[%emt 0:01:50]} 28. Nxd4 {[%emt 0:00:53]} Nxb2 {[%emt 0:03:28]} 29. Nxe6+ {[%emt 0:02:32]} Bxe6 {[%emt 0:00:06]} 30. Rxe6 {[%emt 0:00:08]} Rxf4 {[%emt 0:00:55]} 31. Rxf4 {[%emt 0:00:54]} Qxf4 {[%emt 0:01:36]} 32. Re7+ {[%emt 0:01:11]} Kh8 {[%emt 0:00:16]} 33. Qxf4 {[%emt 0:00:51]} Rxf4 {[%emt 0:00:04]} 34. Bxd5 {[%emt 0:00:35]} h5 {[%emt 0:01:27]} 35. Be4 {[%emt 0:01:12]} Nd1 {[%emt 0:00:57]} 36. Bxg6 {[%emt 0:00:59]} Rf3 {[%emt 0:00:46]} 37. Bxh5 {[%emt 0:00:32]} Rg3+ {[%emt 0:00:30]} 38. Kh2 {[%emt 0:00:13]} Re3 {[%emt 0:00:05]} 39. Rxe3 {[%emt 0:03:38]} Nxe3 {[%emt 0:00:04]} 40. d4 {[%emt 0:00:31]} Nxc2 {[%emt 0:00:27]} 41. d5 {[%emt 0:00:31]} Nd4 {[%emt 0:01:18]} 42. d6 {[%emt 0:00:32]} Kg7 {[%emt 0:00:23]} 43. d7 {[%emt 0:02:01]} Ne6 {[%emt 0:00:22]} 44. Bd1 {[%emt 0:00:23]} Kf8 {[%emt 0:00:13]} 45. Bb3 {[%emt 0:00:24]} Nd8 {[%emt 0:00:11]} 46. h4 {[%emt 0:00:56]} Ke7 {[%emt 0:00:20]} 47. g6 {[%emt 0:00:45]} Kf6 {[%emt 0:01:34]} 48. h5 {[%emt 0:00:20]} Nc6 {[%emt 0:00:16]} 49. Bc2 {[%emt 0:01:43]} Kg7 {[%emt 0:00:37]} 50. Kg3 {[%emt 0:00:19]} Kh6 {[%emt 0:00:20]} 51. Kf4 {[%emt 0:00:28]} Nd8 {[%emt 0:01:02]} 52. Ke5 {[%emt 0:00:09]} Kg7 {[%emt 0:00:24]} 53. Kd6 {[%emt 0:00:18]} a4 {[%emt 0:00:28]} 54. Bxa4 {[%emt 0:00:16]} Kf6 {[%emt 0:00:16]} 55. Bb3 {[%emt 0:00:21]} 1-0

[Event "Guimaraes Open 2019"]
[Site "Guimaraes"]
[Date "2019.09.01"]
[Round "7.26"]
[White "Patino Romaris, Juan Roberto"]
[Black "Beltran Ortiz, Edda Georgina"]
[Result "1-0"]
[WhiteElo "2141"]
[BlackElo "1729"]
[Annotator "ChessBase"]
[PlyCount "119"]
[EventDate "2019.08.28"]
[EventType "swiss"]
[EventCountry "POR"]
[SourceTitle "playchess.com"]
[Source "ChessBase"]
[SourceQuality "1"]
[TimeControl "5400+30"]

1. d4 {[%emt 0:00:00]} Nf6 {[%emt 0:02:46]} 2. c4 {[%emt 0:00:00]} c5 {[%emt 0:00:17]} 3. d5 {[%emt 0:00:00]} b5 {[%emt 0:00:52]} 4. cxb5 {[%emt 0:00:07]} a6 {[%emt 0:00:10]} 5. bxa6 {[%emt 0:00:08]} Bxa6 {[%emt 0:00:19]} 6. Nc3 {[%emt 0:00:24]} g6 {[%emt 0:00:12]} 7. g3 {[%emt 0:00:08]} d6 8. Bg2 Bg7 {[%emt 0:01:15]} 9. Nh3 {[%emt 0:00:38]} O-O {[%emt 0:01:22]} 10. Nf4 {[%emt 0:00:20]} Nbd7 {[%emt 0:01:29]} 11. h4 {[%emt 0:00:13]} h6 {[%emt 0:01:47]} 12. Qc2 {[%emt 0:04:02]} Ne5 {[%emt 0:08:50]} 13. O-O {[%emt 0:00:15]} Qa5 {[%emt 0:03:05]} 14. b3 {[%emt 0:09:00]} Rfb8 {[%emt 0:01:23]} 15. Bd2 {[%emt 0:00:22]} c4 {[%emt 0:13:39]} 16. Rfc1 {[%emt 0:04:06]} Qa3 {[%emt 0:08:35]} 17. Nb1 {[%emt 0:12:43]} cxb3 {[%emt 0:12:56]} 18. Nxa3 {[%emt 0:01:26]} bxc2 {[%emt 0:00:10]} 19. Nxc2 {[%emt 0:00:07]} g5 {[%emt 0:16:07]} 20. hxg5 {[%emt 0:00:13]} hxg5 {[%emt 0:00:12]} 21. Nh3 {[%emt 0:00:11]} Bxe2 {[%emt 0:00:43]} 22. Nd4 {[%emt 0:00:11]} g4 {[%emt 0:05:39]} 23. Ng5 {[%emt 0:03:36]} Bf3 {[%emt 0:07:54]} 24. Ngxf3 {[%emt 0:10:51]} gxf3 {[%emt 0:02:53]} 25. Nxf3 {[%emt 0:00:14]} Ne4 {[%emt 0:01:28]} 26. Nxe5 {[%emt 0:02:14]} Bxe5 {[%emt 0:03:54]} 27. Bxe4 {[%emt 0:00:48]} Bxa1 28. Rxa1 {[%emt 0:00:06]} Rb2 {[%emt 0:00:53]} 29. Bg5 {[%emt 0:01:54]} f6 {[%emt 0:03:22]} 30. Bf4 {[%emt 0:01:26]} Raxa2 {[%emt 0:01:04]} 31. Rxa2 {[%emt 0:00:06]} Rxa2 {[%emt 0:00:03]} 32. Bf5 {[%emt 0:01:33]} Kg7 {[%emt 0:00:56]} 33. Kg2 {[%emt 0:01:05]} Ra5 {[%emt 0:01:17]} 34. Be6 {[%emt 0:00:33]} Ra3 {[%emt 0:00:18]} 35. g4 {[%emt 0:01:04]} Ra4 {[%emt 0:00:52]} 36. Kg3 {[%emt 0:00:18]} Ra3+ {[%emt 0:00:25]} 37. Be3 {[%emt 0:00:26]} Kg6 {[%emt 0:00:23]} 38. Kf3 {[%emt 0:00:45]} Ra5 {[%emt 0:00:22]} 39. Bf5+ {[%emt 0:01:30]} Kg7 {[%emt 0:00:07]} 40. Ke4 {[%emt 0:00:17]} Ra4+ {[%emt 0:00:33]} 41. Bd4 {[%emt 0:00:18]} Kh6 {[%emt 0:01:19]} 42. Bd7 {[%emt 0:04:02]} Rb4 {[%emt 0:00:33]} 43. Kd3 {[%emt 0:01:09]} Rb7 {[%emt 0:00:28]} 44. Bf5 {[%emt 0:01:10]} Rb3+ {[%emt 0:00:26]} 45. Kc4 {[%emt 0:00:17]} Rb7 {[%emt 0:00:36]} 46. Be6 {[%emt 0:01:09]} Rc7+ {[%emt 0:00:26]} 47. Kd3 {[%emt 0:00:07]} Rb7 {[%emt 0:00:09]} 48. Be3+ {[%emt 0:01:23]} Kg7 {[%emt 0:00:02]} 49. f4 {[%emt 0:00:12]} Rb3+ {[%emt 0:00:22]} 50. Ke4 {[%emt 0:00:14]} Rb4+ {[%emt 0:00:11]} 51. Kf5 {[%emt 0:00:45]} Rb3 {[%emt 0:01:48]} 52. Bd4 {[%emt 0:00:13]} Rb4 {[%emt 0:00:17]} 53. Be3 {[%emt 0:00:50]} Rb3 {[%emt 0:00:08]} 54. Bd2 {[%emt 0:00:21]} Rb2 {[%emt 0:00:13]} 55. Ba5 {[%emt 0:00:07]} Kf8 {[%emt 0:00:48]} 56. Be1 {[%emt 0:01:27]} Re2 {[%emt 0:00:18]} 57. Bh4 {[%emt 0:00:48]} Rh2 {[%emt 0:00:07]} 58. Bxf6 {[%emt 0:01:09]} exf6 {[%emt 0:00:36]} 59. Kxf6 {[%emt 0:00:02]} Rf2 {[%emt 0:00:44]} 60. f5 {[%emt 0:00:34]} 1-0

[Event "Guimaraes Open 2019"]
[Site "Guimaraes"]
[Date "2019.09.01"]
[Round "7.27"]
[White "Basilio, Rodrigo"]
[Black "Fernandes, Miguel A. Murtinho"]
[Result "1/2-1/2"]
[WhiteElo "1782"]
[BlackElo "2108"]
[Annotator "NA"]
[PlyCount "76"]
[EventDate "2019.08.28"]
[EventType "swiss"]
[EventCountry "POR"]
[SourceTitle "playchess.com"]
[Source "ChessBase"]
[SourceQuality "1"]
[TimeControl "5400+30"]

1. e4 {[%emt 0:00:00]} c6 {[%emt 0:01:27]} 2. d4 {[%emt 0:00:02]} d5 {[%emt 0:00:06]} 3. Nd2 {[%emt 0:00:08]} dxe4 {[%emt 0:00:07]} 4. Nxe4 {[%emt 0:00:06]} Nf6 {[%emt 0:00:06]} 5. Nxf6+ {[%emt 0:00:31]} exf6 {[%emt 0:00:07]} 6. Nf3 {[%emt 0:00:53]} Bd6 {[%emt 0:00:09]} 7. Bd3 {[%emt 0:01:09]} O-O {[%emt 0:00:11]} 8. O-O {[%emt 0:00:30]} Re8 {[%emt 0:00:10]} 9. h3 {[%emt 0:00:15]} Nd7 {[%emt 0:00:06]} 10. c4 {[%emt 0:01:12]} Nf8 {[%emt 0:00:09]} 11. d5 {[%emt 0:07:30]} Ng6 {[%emt 0:06:45]} 12. Be3 {[%emt 0:01:51]} cxd5 {[%emt 0:00:29]} 13. cxd5 {[%emt 0:00:11]} Ne5 {[%emt 0:02:15]} 14. Nxe5 {[%emt 0:01:47]} fxe5 {[%emt 0:01:35]} 15. Rc1 {[%emt 0:02:55]} e4 {[%emt 0:02:55]} 16. Bb5 {[%emt 0:01:39]} Bd7 {[%emt 0:01:31]} 17. Bxd7 {[%emt 0:01:11]} Qxd7 {[%emt 0:00:08]} 18. Bc5 {[%emt 0:03:33]} Bf4 {[%emt 0:08:47]} 19. Rc4 {[%emt 0:02:58]} b5 {[%emt 0:02:34]} 20. Rc2 Rad8 {[%emt 0:02:28]} 21. Qg4 {[%emt 0:14:20]} Qxg4 {[%emt 0:02:23]} 22. hxg4 {[%emt 0:00:50]} Rxd5 {[%emt 0:04:01]} 23. Bxa7 {[%emt 0:01:21]} f6 {[%emt 0:00:50]} 24. g3 {[%emt 0:01:15]} e3 {[%emt 0:04:01]} 25. Re1 {[%emt 0:13:55]} exf2+ {[%emt 0:00:11]} 26. Bxf2 {[%emt 0:00:16]} Rxe1+ {[%emt 0:00:26]} 27. Bxe1 {[%emt 0:00:25]} Be5 {[%emt 0:01:02]} 28. Kg2 {[%emt 0:01:10]} Kf7 {[%emt 0:02:37]} 29. Bf2 {[%emt 0:05:32]} Kg6 {[%emt 0:01:29]} 30. b3 {[%emt 0:01:29]} Kg5 {[%emt 0:01:56]} 31. Kh3 {[%emt 0:00:15]} f5 {[%emt 0:05:16]} 32. gxf5 {[%emt 0:02:16]} Kxf5 {[%emt 0:00:04]} 33. a4 {[%emt 0:01:23]} bxa4 {[%emt 0:01:52]} 34. bxa4 {[%emt 0:00:09]} Ke4 {[%emt 0:00:45]} 35. Kg2 {[%emt 0:00:57]} Kd3 {[%emt 0:03:40]} 36. Rc5 {[%emt 0:03:14]} Rxc5 {[%emt 0:02:06]} 37. Bxc5 {[%emt 0:00:20]} Bc7 {[%emt 0:01:02]} 38. Bb4 {[%emt 0:00:33]} Kc4 {[%emt 0:03:16]} 1/2-1/2